| 000 | 00000nam##2200000za#4500 |
| 001 | 9.619814 |
| 003 | CaOODSP |
| 005 | 20210615103713 |
| 007 | ta |
| 008 | 150406|2006||||xxc||||| f|0| 0 eng|d |
| 040 | |aCaOODSP|beng |
| 043 | |an-cn--- |
| 086 | 1 |aTU3-6/06-2-1E |
| 110 | 2 |aTransportation Safety Board of Canada. |
| 245 | 10|aRunaway and derailment - White Pass and Yukon route, work train 114, mile 36.5, Canadian subdivision Log Cabin, British Columbia, 03 September 2006 |
| 260 | |aOttawa - Ontario : |bTransportation Safety Board of Canada |c[2008]. |
| 300 | |aiv, 33p. : |bfigs., glossary, references, table, photographs ; |c28 cm. |
| 490 | 1 |aRailway investigation report |vR06V0183 |
| 563 | |aSoftcover |
| 590 | |a10-20|b2010-05-21 |
| 690 | 07|aRailway accidents|2gcpds |
| 775 | 08|tTrain à la dérive et déraillement du train de travaux 114 exploité par la White Pass and Yukon Route au point milliaire 36,5 de la subdivision Canadian à Log Cabin (Colombie-Britannique), le 3 septembre 2006 |w(CaOODSP)9.628563 |
| 776 | 0#|tRunaway and derailment - White Pass and Yukon route, work train 114, mile 36.5, Canadian subdivision log cabin, British Columbia, 03 September 2006 |w(CaOODSP)9.565171 |
| 830 | #0|aRailway investigation report ;|vR06V0183|w(CaOODSP)9.515245 |